[Event "Østlandsserien 2000/2001, 1. div."]
[Site "Oslo"]
[Date "2001.03.11"]
[Round "9.2"]
[White "Tjomsland, Stig"]
[Black "Ådnøy, Hallvard Voll"]
[WhiteElo "2271"]
[BlackElo "2114"]
[WhiteTeam "Nordstrand"]
[BlackTeam "Follo"]
[Result "1-0"]
[PlyCount "47"]
[EventDate "2000.11.11"]

1. d4 Nf6 2. e3 e6 3. Bd3 c5 4. Nf3 b6 5. Qe2 Be7 6. O-O O-O 7. e4 d5 8. e5 c4
9. Bxc4 dxc4 10. exf6 Bxf6 11. Rd1 Ba6 12. Nc3 Re8 13. Ne5 Nd7 14. Ne4 Be7 15.
Bf4 Qc8 16. Qh5 g6 17. Qh6 Nf6 18. Ng5 Bf8 19. Qh4 Re7 20. Ng4 Nh5 21. Nxh7
Kxh7 22. Nf6+ Kh8 23. Be5 Bg7 24. Nxh5 1-0

[Event "Østlandsserien 2000/2001, 1. div."]
[Site "Oslo"]
[Date "2001.03.11"]
[Round "9.3"]
[White "Kirkebø, Carl Peter"]
[Black "Glenne, Bjørn Erik"]
[WhiteElo "1972"]
[BlackElo "2084"]
[WhiteTeam "Follo"]
[BlackTeam "Nordstrand"]
[Result "0-1"]
[PlyCount "62"]
[EventDate "2000.11.11"]

1. e4 c6 2. c4 e5 3. Nf3 d6 4. Be2 Nf6 5. Nc3 Nbd7 6. O-O Be7 7. d4 Qc7 8. Be3
O-O 9. h3 Ne8 10. Qc2 g6 11. Rad1 Ng7 12. Nh2 f5 13. dxe5 dxe5 14. f4 fxe4 15.
fxe5 Nf5 16. Ng4 Nxe3 17. Nxe3 Bc5 18. Qxe4 Qxe5 19. Rxf8+ Kxf8 20. Rf1+ Kg7
21. Rf3 Bd4 22. Qd3 Nc5 23. Qd2 Bd7 24. Kh1 Re8 25. Ncd1 Ne4 26. Qd3 c5 27. Bf1
Rf8 28. Rxf8 Ng3+ 29. Kg1 Kxf8 30. a3 Qf4 31. b4 Nf5 0-1

[Event "Østlandsserien 2000/2001, 1. div."]
[Site "Oslo"]
[Date "2001.03.11"]
[Round "9.4"]
[White "Thanke, Bror"]
[Black "Næssvold, Kjell"]
[WhiteElo "2000"]
[BlackElo "1856"]
[WhiteTeam "Nordstrand"]
[BlackTeam "Follo"]
[Result "1-0"]
[PlyCount "55"]
[EventDate "2000.11.11"]

1. e4 c5 2. d4 cxd4 3. c3 e6 4. cxd4 d5 5. e5 Bb4+ 6. Nc3 Ne7 7. Nf3 a6 8. Bd3
Nbc6 9. O-O Bd7 10. Be3 Ba5 11. Rc1 b5 12. Bb1 Qb8 13. Ne2 Bd8 14. Nf4 g6 15.
h4 Nf5 16. Bxf5 gxf5 17. Nh5 Be7 18. Bh6 Kd8 19. Ng5 Bxg5 20. Bxg5+ Kc7 21. Be7
Kb7 22. Bd6 Qd8 23. Nf6 h5 24. a4 Be8 25. axb5 axb5 26. Qd3 Rh6 27. Nxe8 Qa5
28. Rc5 1-0

[Event "Østlandsserien 2000/2001, 1. div."]
[Site "Oslo"]
[Date "2001.03.11"]
[Round "9.5"]
[White "Sondresen, Per"]
[Black "Gulbrandsen, Tor"]
[WhiteElo "1744"]
[BlackElo "1972"]
[WhiteTeam "Follo"]
[BlackTeam "Nordstrand"]
[Result "0-1"]
[PlyCount "56"]
[EventDate "2000.11.11"]

1. e4 e6 2. d4 d5 3. exd5 exd5 4. Bd3 Nf6 5. Nf3 Bg4 6. O-O Be7 7. h3 Bh5 8.
Bf4 O-O 9. Nbd2 Nbd7 10. c3 Re8 11. Qb3 Rb8 12. Rfe1 a6 13. a4 Nf8 14. Ne5 Ne6
15. Bh2 Bd6 16. f4 c5 17. dxc5 Nxc5 18. Qc2 Qc7 19. Bf5 Bg6 20. Bxg6 hxg6 21.
b4 Nce4 22. Nxe4 Nxe4 23. Rac1 Rbc8 24. Rxe4 dxe4 25. Qxe4 g5 26. g3 Bxe5 27.
fxe5 Rxe5 28. Qf3 Rce8 0-1

[Event "Østlandsserien 2000/2001, 1. div."]
[Site "Oslo"]
[Date "2001.03.11"]
[Round "9.6"]
[White "Gyldenås, Ole Jørn"]
[Black "Høva, Frode"]
[WhiteElo "1904"]
[BlackElo "1496"]
[WhiteTeam "Nordstrand"]
[BlackTeam "Follo"]
[Result "1-0"]
[PlyCount "75"]
[EventDate "2000.11.11"]

1. d4 Nf6 2. Nf3 g6 3. g3 Bg7 4. Bg2 O-O 5. O-O d5 6. c4 c5 7. cxd5 Nxd5 8.
dxc5 Na6 9. c6 bxc6 10. Nd4 Bb7 11. a3 Qb6 12. Nb3 Rfd8 13. Qc2 Rac8 14. e4 Nf6
15. Bd2 c5 16. Ba5 Qe6 17. Bxd8 Rxd8 18. N1d2 Ng4 19. Nc4 Ne5 20. Nba5 Ba8 21.
Nxe5 Bxe5 22. Nc4 Bd4 23. Kh1 h5 24. Rac1 Kg7 25. h3 h4 26. g4 f5 27. gxf5 gxf5
28. Rg1 Kh8 29. exf5 Bxg2+ 30. Rxg2 Qd5 31. Qe2 Qxf5 32. Kg1 Nc7 33. Qxe7 Bxf2+
34. Rxf2 Rg8+ 35. Rg2 Rxg2+ 36. Kxg2 Qg6+ 37. Kf1 Qf5+ 38. Ke1 1-0

[Event "Østlandsserien 2000/2001, 3. div. D"]
[Site "Vevelstad"]
[Date "2000.11.12"]
[Round "1"]
[White "Lea, Per"]
[Black "Spillum, Jahn"]
[Result "1/2-1/2"]
[WhiteElo "1684"]
[BlackElo "1739"]
[PlyCount "113"]
[EventDate "2000.??.??"]
[WhiteTeam "Follo 2"]
[BlackTeam "Moss"]

1. e4 e6 2. d4 d5 3. Nc3 Bb4 4. e5 c5 5. a3 Ba5 6. Nf3 Nc6 7. Bb5 Bd7 8. dxc5
Bxc3+ 9. bxc3 Nxe5 10. Bxd7+ Nxd7 11. Be3 Qc7 12. O-O Ngf6 13. c4 dxc4 14. Qd4
O-O 15. Qxc4 Qc6 16. Rab1 b6 17. Qb5 Qxb5 18. Rxb5 Nxc5 19. Bxc5 bxc5 20. Rxc5
Rfc8 21. Rxc8+ Rxc8 22. Rb1 h6 23. Ne1 Rc5 24. Rb8+ Kh7 25. Rb7 Ra5 26. Rxf7
Rxa3 27. Re7 Ra6 28. Kf1 Nd5 29. Rd7 Kg6 30. c4 Nf6 31. Re7 Ne4 32. Rc7 Kf6 33.
Nd3 Ra2 34. f3 Nd2+ 35. Ke1 Nb3 36. Kf1 a5 37. Nc5 a4 38. Ne4+ Ke5 39. Rxg7 a3
40. c5 Rc2 41. Nf2 Rxf2+ 42. Kxf2 a2 43. Ra7 a1=Q 44. Rxa1 Nxa1 45. f4+ Kd5 46.
Kg3 Nb3 47. c6 Kxc6 48. Kh4 Nd4 49. Kh5 Kd5 50. Kxh6 Ke4 51. Kg5 e5 52. fxe5
Kxe5 53. h4 Ne6+ 54. Kg6 Nf4+ 55. Kf7 Kf5 56. Kg7 Kg4 57. g3 1/2-1/2

[Event "Østlandsserien 2000/2001, 3. div. D"]
[Site "Vevelstad"]
[Date "2000.11.12"]
[Round "1"]
[White "Wicklund-Hansen, Richard"]
[Black "Bekkelien, Glen Lewi"]
[Result "1-0"]
[WhiteElo "1842"]
[BlackElo "1620"]
[PlyCount "71"]
[EventDate "2000.11.12"]
[WhiteTeam "Moss"]
[BlackTeam "Follo 2"]

1. e4 c6 2. g3 d5 3. Bg2 dxe4 4. Bxe4 Nf6 5. Bg2 e5 6. d3 Bc5 7. Nc3 O-O 8.
Nge2 Nbd7 9. O-O Nb6 10. a3 a5 11. Bg5 Bf5 12. Ne4 Bxe4 13. Bxe4 h6 14. Bxf6
Qxf6 15. Nc3 Qe6 16. Qe2 f5 17. Bg2 Nd5 18. Na4 Ba7 19. c4 Ne7 20. c5 f4 21.
Rfe1 Ng6 22. b4 Rad8 23. Be4 axb4 24. axb4 Bb8 25. Nb6 Rf6 26. Rad1 Rdf8 27. f3
Ne7 28. d4 fxg3 29. hxg3 Qh3 30. Qg2 Qxg2+ 31. Kxg2 Rd8 32. dxe5 Rxd1 33. Rxd1
Bxe5 34. Rd8+ Kf7 35. Nd7 Re6 36. Rf8# 1-0

[Event "Østlandsserien 2000/2001, 3. div. D"]
[Site "Fredrikstad"]
[Date "2000.12.03"]
[Round "2"]
[White "Skår, Bjarte"]
[Black "Ludvigsen, Jan"]
[Result "1-0"]
[WhiteElo "1684"]
[BlackElo "1610"]
[PlyCount "43"]
[EventDate "2000.11.12"]
[WhiteTeam "Follo 2"]
[BlackTeam "Fredriksstad 1"]

1. e4 e5 2. Nf3 Nc6 3. Bb5 f5 4. Nc3 Nf6 5. d3 fxe4 6. dxe4 Bc5 7. Bg5 d6 8. h3
O-O 9. Qd3 Qe8 10. Bxf6 gxf6 11. g4 Be6 12. Nd5 Qf7 13. c3 Nd8 14. Ne3 Bxe3 15.
Qxe3 Bxa2 16. g5 Be6 17. Rg1 f5 18. g6 hxg6 19. Qh6 Qh7 20. Rxg6+ Kh8 21. Qxf8+
Bg8 22. Qf6+ 1-0

[Event "Østlandsserien 2000/2001, 3. div. D"]
[Site "Fredrikstad"]
[Date "2000.12.03"]
[Round "2"]
[White "Sæther, Lars"]
[Black "Bekkelien, Glen Lewi"]
[Result "1-0"]
[WhiteElo "1538"]
[BlackElo "1620"]
[PlyCount "61"]
[EventDate "2000.11.12"]
[WhiteTeam "Fredriksstad 1"]
[BlackTeam "Follo 2"]

1. d4 Nf6 2. c4 e6 3. Nc3 Bb4 4. Bd2 b6 5. Nf3 Bb7 6. e3 O-O 7. Be2 d6 8. Qc2
Nbd7 9. O-O Bxc3 10. Bxc3 Ne4 11. Be1 f5 12. Rc1 Rf6 13. Nd2 Rh6 14. f3 Nxd2
15. Qxd2 Qg5 16. Bg3 Qh5 17. b4 e5 18. f4 Qe8 19. fxe5 dxe5 20. Rxf5 exd4 21.
Qxd4 c5 22. bxc5 Nxc5 23. Rcf1 Ne4 24. Rf7 Rg6 25. Rxb7 Nxg3 26. hxg3 Rd8 27.
Qf4 Rf6 28. Rxg7+ Kxg7 29. Qxf6+ Kg8 30. Qg5+ Kh8 31. c5 1-0

[Event "Østlandsserien 2000/2001, 3. div. D"]
[Site "Fredrikstad"]
[Date "2000.12.03"]
[Round "2"]
[White "Hovland, Arne"]
[Black "Sæther, Steinar"]
[Result "1/2-1/2"]
[WhiteElo "1487"]
[BlackElo "1621"]
[PlyCount "89"]
[EventDate "2000.11.12"]
[WhiteTeam "Follo 2"]
[BlackTeam "Fredriksstad 1"]

1. d4 e6 2. Nf3 Nf6 3. c4 d5 4. Nc3 c6 5. e3 Nbd7 6. Qc2 Be7 7. Bd3 h6 8. O-O
dxc4 9. Bxc4 Nb6 10. Bd3 Nbd5 11. Nxd5 cxd5 12. Ne5 O-O 13. Bd2 Bd7 14. Nxd7
Qxd7 15. Rac1 Rfc8 16. Qb1 Qd6 17. Rc2 Rxc2 18. Qxc2 Nd7 19. Rc1 Bd8 20. Qb3
Nb6 21. g3 Qe7 22. a4 Rc8 23. Rxc8 Nxc8 24. Bb4 Qc7 25. Qc3 Qxc3 26. bxc3 Nb6
27. Ba5 Kf8 28. f4 Ke7 29. Bxb6 Bxb6 30. Kf2 Ba5 31. c4 dxc4 32. Bxc4 f6 33.
Kf3 a6 34. g4 g5 35. Ke4 gxf4 36. exf4 Bc7 37. h4 Ba5 38. f5 exf5+ 39. Kxf5 Be1
40. h5 Bh4 41. Kg6 Bg5 42. a5 Kd6 43. Bf1 Kd5 44. Bg2+ Kxd4 45. Bxb7 1/2-1/2

[Event "Østlandsserien 2000/2001, 3. div. D"]
[Site "Halden"]
[Date "2001.01.21"]
[Round "3"]
[White "Lea, Per"]
[Black "Rangøy, Helge"]
[Result "0-1"]
[WhiteElo "1701"]
[BlackElo "1639"]
[PlyCount "80"]
[EventDate "2000.11.12"]
[WhiteTeam "Follo 2"]
[BlackTeam "Halden"]

1. e4 e5 2. Nf3 Nc6 3. Bc4 Nf6 4. Ng5 d5 5. exd5 Na5 6. Bb5+ Bd7 7. Qe2 Bd6 8.
Nc3 O-O 9. O-O Bf5 10. Bd3 Bxd3 11. Qxd3 a6 12. Nce4 Nxe4 13. Nxe4 b5 14. Nxd6
Qxd6 15. Re1 f6 16. b3 Rfd8 17. c4 bxc4 18. bxc4 Qc5 19. Qc3 Nxc4 20. d3 Qa5
21. Bd2 Qxc3 22. Bxc3 Nb6 23. d4 Nxd5 24. Bb2 Rab8 25. Rab1 e4 26. Ba1 f5 27.
Rbc1 Rb5 28. Rc5 Rdb8 29. g3 Kf7 30. Kg2 Ke6 31. Rc6+ Kd7 32. Rxa6 Rb1 33. Rxb1
Rxb1 34. Ra5 Kd6 35. Ra6+ c6 36. a4 Rxa1 37. Ra7 Nc7 38. h4 Rd1 39. Ra5 g6 40.
h5 Rxd4 0-1

[Event "Østlandsserien 2000/2001, 3. div. D"]
[Site "Halden"]
[Date "2001.01.21"]
[Round "3"]
[White "Aasum, Anker"]
[Black "Moberg, Reidar"]
[Result "0-1"]
[WhiteElo "1562"]
[BlackElo "1641"]
[PlyCount "52"]
[EventDate "2000.11.12"]
[WhiteTeam "Halden"]
[BlackTeam "Follo 2"]

1. Nc3 c5 2. g3 Nf6 3. Bg2 Nc6 4. d3 d5 5. Bd2 e5 6. f4 $6 Bd6 $1 7. Nxd5 Nxd5
8. Bxd5 exf4 9. Bxc6+ bxc6 10. Bxf4 Bxf4 11. gxf4 Qh4+ 12. Kd2 Qxf4+ 13. e3
Qb4+ $1 14. Kc1 Rb8 15. Rb1 Be6 16. a3 Qb7 17. c4 O-O 18. h4 Rfd8 19. Qc2 Qb3
$1 20. Qxb3 Rxb3 21. Ne2 Rdxd3 22. Nf4 Rxe3 23. Rd1 g6 24. Nxe6 Rxe6 25. Rd7
Rh3 26. Rxa7 Re1+ 0-1

[Event "Østlandsserien 2000/2001, 3. div. D"]
[Site "Halden"]
[Date "2001.01.21"]
[Round "3"]
[White "Bekkelien, Glen Lewi"]
[Black "Karlgren, Lars Åke"]
[Result "1/2-1/2"]
[WhiteElo "1642"]
[BlackElo "1528"]
[PlyCount "70"]
[EventDate "2000.11.12"]
[WhiteTeam "Follo 2"]
[BlackTeam "Halden"]

1. Nf3 Nf6 2. g3 g6 3. Bg2 Bg7 4. O-O O-O 5. d3 d5 6. Nbd2 c6 7. e4 dxe4 8.
dxe4 Qc7 9. Qe2 b6 10. Nc4 Nfd7 11. e5 $5 Nc5 12. b4 Ne6 13. Bb2 Bb7 14. Rad1
c5 15. bxc5 Nxc5 16. Ne3 Nba6 17. Nd5 Bxd5 18. Rxd5 Rad8 19. Rfd1 Rxd5 20. Rxd5
Rd8 21. Qd2 Ne6 22. Bh3 $1 Nac5 23. Ba3 Rxd5 24. Qxd5 h6 25. Bxc5 Nxc5 26. e6
Nxe6 27. Bxe6 fxe6 28. Qxe6+ Kh7 29. c4 Qd6 30. Qh3 Qf6 31. Kg2 e5 32. Qd7 e4
33. Nd2 Qd4 $2 34. Qxd4 Bxd4 35. Nxe4 Kg7 1/2-1/2

[Event "Østlandsserien 2000/2001, 3. div. D"]
[Site "Halden"]
[Date "2001.01.21"]
[Round "3"]
[White "Melleby, Frank"]
[Black "Hovland, Arne"]
[Result "0-1"]
[WhiteElo "1667"]
[BlackElo "1489"]
[PlyCount "72"]
[EventDate "2000.11.12"]
[WhiteTeam "Halden"]
[BlackTeam "Follo 2"]

1. e4 c5 2. Nf3 d6 3. Be2 a6 4. d3 Nc6 5. Nc3 e6 6. Bf4 Nf6 7. h3 b5 8. Qd2 Be7
9. O-O Bb7 10. Rfe1 Nd7 11. Rad1 O-O 12. Bf1 Rc8 13. Ne2 Nd4 14. Nh2 e5 15. Be3
f5 16. f3 Bh4 17. Bf2 Bxf2+ 18. Kxf2 fxe4 $2 19. Nxd4 $2 cxd4 20. dxe4 Nf6 21.
Kg1 Nh5 22. g3 $4 Nxg3 23. Qg2 Nxf1 24. Rxf1 Rf6 25. Qe2 Rg6+ 26. Kh1 Qh4 27.
Rd3 Qxh3 28. Rf2 Qh6 29. Rd2 Re6 30. Rd3 $2 d5 $1 31. Kg1 dxe4 32. fxe4 Qg6+
33. Rg2 Qxe4 $1 34. Qf2 Qxg2+ $1 35. Qxg2 Bxg2 36. Kxg2 Rxc2+ $1 0-1

[Event "Østlandsserien 2000/2001, 3. div. D"]
[Site "Vevelstad"]
[Date "2001.02.10"]
[Round "4"]
[White "Vigdal, Per Kristian"]
[Black "Lea, Per"]
[Result "1-0"]
[WhiteElo "1782"]
[BlackElo "1701"]
[Annotator "Lea,Per"]
[PlyCount "61"]
[EventDate "2000.11.12"]
[WhiteTeam "Nordstrand 2"]
[BlackTeam "Follo 2"]

1. e4 e5 2. Nf3 Nc6 3. d4 exd4 4. Nxd4 Bc5 5. Be3 Qe7 $2 {En pinlig
sammenblanding av trekk som fører rett ut i fordervelsen.} (5... Qf6 6. c3 Nge7
{er helt etter boka, selv om hvit tilsynelatende har en bedre stilling}) 6. Nc3
Nf6 7. Nf5 {Med dronning på f6 og springer på e7 hadde ikke dette vært mulig}
Qf8 {Det beste trekket i stillingen, noe som bare viser hvor håpløst alt er} 8.
Nxg7+ {Så barnslig, så enkelt - og SÅ sterkt! I ettertid er det eneste jeg
angrer i dette partiet at jeg ikke ga opp her. Men jeg hadde vel liten lyst
til å innrømme tap etter 8 trekk.} Kd8 9. Nf5 Rg8 10. Qd2 Bxe3 11. Nxe3 d6 12.
O-O-O Qe7 13. Ned5 Nxd5 14. Nxd5 Qe6 15. f3 Bd7 16. f4 Ne7 17. Nc3 Kc8 18. g3
a5 19. Bg2 f6 20. Rhe1 Bc6 21. Qd4 b5 22. Nd5 Bxd5 23. exd5 Qf7 24. Bh3+ f5 25.
Qd3 b4 26. Re3 Re8 27. Rde1 Kd7 28. Qb5+ Kd8 29. Qb7 Rc8 30. Re6 h5 31. Bf1 {
... og jeg gjorde noe så sjeldent som å tape på tid. (Kraftig tidsnød og
etterfølgende bukk: ja, det har skjedd flere ganger. Men at klaffen faktisk
faller, det tror jeg aldri har skjedd meg før. En slags trøst er det kanskje
at stillingen på brettet er fullstendig i ruiner, så her kom tidstapet nærmest
som en befrielse)} 1-0

[Event "Østlandsserien 2000/2001, 3. div. D"]
[Site "Vevelstad"]
[Date "2001.02.10"]
[Round "4"]
[White "Moberg, Reidar"]
[Black "Lysedal, Petter Henrik"]
[Result "0-1"]
[WhiteElo "1942"]
[BlackElo "1641"]
[PlyCount "80"]
[EventDate "2000.11.12"]
[WhiteTeam "Follo 2"]
[BlackTeam "Nordstrand 2"]

1. e4 c5 2. Nf3 d6 3. d4 cxd4 4. Nxd4 Nf6 5. Nc3 a6 6. Be2 b5 7. f4 Nbd7 8. O-O
Bb7 9. Bf3 e5 10. Nf5 Nc5 11. fxe5 dxe5 12. Qe2 Qc7 13. Bg5 Ne6 14. Be3 g6 15.
Nd5 Nxd5 16. exd5 gxf5 17. dxe6 fxe6 18. Rad1 Bxf3 19. Qxf3 Rc8 20. Bg5 Bc5+
21. Kh1 O-O 22. Bh6 Rf7 23. Qg3+ Kh8 24. Rd3 e4 $2 25. Qxc7 $2 Rfxc7 26. Rh3
Bf8 27. c3 Bxh6 28. Rxh6 Re7 29. g4 Kg7 30. Rh4 Rf8 31. gxf5 exf5 32. Kg2 Kg6
33. Rhf4 Re5 34. Kf2 Rd8 35. Ke2 e3 36. Rd4 Rxd4 37. cxd4 Re4 38. d5 f4 39. Kd3
$2 Kf5 40. d6 Re6 0-1

[Event "Østlandsserien 2000/2001, 3. div. D"]
[Site "Vevelstad"]
[Date "2001.02.10"]
[Round "4"]
[White "Østrem, Thore"]
[Black "Bekkelien, Glenn Lewi"]
[Result "0-1"]
[WhiteElo "1784"]
[BlackElo "1642"]
[PlyCount "78"]
[EventDate "2000.11.12"]
[WhiteTeam "Nordstrand 2"]
[BlackTeam "Follo 2"]

1. e4 c6 2. d4 d5 3. exd5 cxd5 4. c4 Nf6 5. Nc3 e6 6. Bg5 Bb4 7. Nf3 Qa5 8. Be2
Ne4 9. O-O Bxc3 10. bxc3 dxc4 11. Qc1 b5 12. Re1 Bb7 13. a4 O-O 14. Be7 Rc8 15.
Bb4 Qb6 16. axb5 Qxb5 17. Qe3 a5 18. Be7 Rc7 19. Reb1 Qa6 20. Bd8 Rc8 21. Bxa5
Nd7 22. Qc1 Bd5 23. Ne5 Nxe5 24. dxe5 Nc5 25. Qd1 Qc6 26. Rb6 Qe8 27. Bb4 Rxa1
28. Qxa1 Ra8 29. Qf1 Nd7 30. Rd6 Nxe5 31. f4 Ng6 32. Bxc4 Bxc4 33. Qxc4 Rc8 34.
Qd4 Ne7 35. Qd1 Nd5 36. Ba5 Qb5 37. Bb4 h6 38. f5 Ne3 39. Qd2 Qf1# 0-1

[Event "Østlandsserien 2000/2001, 3. div. D"]
[Site "Vevelstad"]
[Date "2001.02.10"]
[Round "4"]
[White "Hovland, Arne"]
[Black "Øye, Olav Arne"]
[Result "0-1"]
[WhiteElo "1489"]
[BlackElo "1574"]
[PlyCount "106"]
[EventDate "2000.11.12"]
[WhiteTeam "Follo 2"]
[BlackTeam "Nordstrand 2"]

1. d4 d5 2. c4 c6 3. Nf3 Bf5 4. e3 e6 5. Nc3 Nf6 6. Nh4 Bg4 7. Qb3 b6 8. cxd5
exd5 9. Nf3 Bxf3 10. gxf3 Bd6 11. Bd2 O-O 12. Bd3 b5 13. O-O-O a5 14. Rdg1 a4
15. Qc2 Na6 16. e4 Nb4 17. Qb1 Nxd3+ 18. Qxd3 dxe4 19. fxe4 Nh5 20. Qf3 Bf4 21.
Bxf4 Nxf4 22. Qxf4 Qxd4 23. Rd1 Qc4 24. Qd6 c5 25. Qd5 Qb4 26. a3 Qa5 27. Qxc5
Rfc8 28. Qb4 Qb6 29. Qd4 Qe6 30. Kb1 Qb3 31. Rhg1 g6 32. Qd5 Rxc3 33. Qxb3 Rxb3
34. Rg3 Rxg3 35. hxg3 Rb8 36. Rd4 Rb6 37. Kc2 Rc6+ 38. Kd2 Rc5 39. Rd5 Rxd5+
40. exd5 h5 41. f4 f6 42. Ke3 Kf7 43. Ke4 Ke7 44. Ke3 Kd6 45. Kd4 g5 46. Ke4 h4
47. fxg5 fxg5 48. g4 h3 49. Kf3 Kxd5 50. Kg3 Kc4 51. Kxh3 Kb3 52. Kg3 Kxb2 53.
Kf3 Kxa3 0-1

[Event "Østlandsserien 2000/2001, 3. div. D"]
[Site "Fredrikstad"]
[Date "2001.03.11"]
[Round "5"]
[White "Lea, Per"]
[Black "Johansen, Odd B"]
[Result "1-0"]
[WhiteElo "1701"]
[BlackElo "1427"]
[PlyCount "39"]
[EventDate "2000.11.12"]
[WhiteTeam "Follo 2"]
[BlackTeam "Fredriksstad 2"]

1. e4 e6 2. d4 d5 3. Nc3 Bb4 4. e5 c5 5. a3 Bxc3+ 6. bxc3 Ne7 7. Qg4 O-O 8. Bg5
cxd4 9. Bf6 g6 10. Qg5 Qc7 11. Bd3 Nf5 12. Bxf5 Qxc3+ 13. Ke2 exf5 14. Rc1 Qc4+
15. Kd2 Qc3+ 16. Kd1 d3 17. Qh6 dxc2+ 18. Rxc2 Qd3+ 19. Ke1 Qe4+ 20. Ne2 1-0

[Event "Østlandsserien 2000/2001, 3. div. D"]
[Site "Fredrikstad"]
[Date "2001.03.11"]
[Round "5"]
[White "Nilsen, Per Hartvig"]
[Black "Moberg, Reidar"]
[Result "0-1"]
[WhiteElo "1629"]
[BlackElo "1641"]
[PlyCount "92"]
[EventDate "2000.11.12"]
[WhiteTeam "Fredriksstad 2"]
[BlackTeam "Follo 2"]

1. e4 c5 2. Nf3 e6 3. d4 cxd4 4. Nxd4 Nf6 5. Nc3 Bb4 6. Bd3 e5 7. Nf3 Nc6 8.
O-O Bxc3 9. bxc3 O-O 10. Bg5 d6 11. h3 h6 12. Bh4 Be6 13. Re1 Rc8 14. Qd2 Na5
15. Nh2 Nc4 16. Bxc4 Rxc4 17. Rad1 Rxe4 18. Bxf6 Rxe1+ 19. Rxe1 Qxf6 20. Qxd6
Rd8 21. Qc5 b6 22. Qe3 Qf4 23. Qxf4 exf4 24. Nf3 Bxa2 25. Nd4 a6 26. Nc6 Rd6
27. Nd4 Bc4 28. Re4 g5 29. f3 b5 30. Kf2 a5 31. Re8+ Kh7 32. Ke1 a4 33. Ra8 Rd7
34. Kf2 Re7 35. Ra6 Re5 36. Ra5 Kg6 37. Ra6+ f6 38. Ra5 Kf7 39. Ra7+ Ke8 40.
Ra6 Kd7 41. Ra7+ Kd6 42. Rb7 a3 43. Ra7 a2 44. Ra6+ Kc7 45. Ra3 Kb6 46. Ra8 Re7
0-1

[Event "Østlandsserien 2000/2001, 3. div. D"]
[Site "Fredrikstad"]
[Date "2001.03.11"]
[Round "5"]
[White "Bekkelien, Glenn Lewi"]
[Black "Johansen, Bjørn Berg"]
[Result "1/2-1/2"]
[WhiteElo "1642"]
[BlackElo "1205"]
[PlyCount "145"]
[EventDate "2000.11.12"]
[WhiteTeam "Follo 2"]
[BlackTeam "Fredriksstad 2"]

1. Nf3 d5 2. g3 Nc6 3. Bg2 Nf6 4. d3 e5 5. Nbd2 Bc5 6. O-O O-O 7. c3 Bf5 8. Nh4
Bg4 9. h3 Be6 10. e4 Qd7 11. Kh2 Rad8 12. Nb3 Be7 13. Bg5 Ng4+ 14. hxg4 Bxg5
15. Nc5 Qe7 16. Nxe6 fxe6 17. Nf3 Rf7 18. Qe2 Qf6 19. Rh1 Ne7 20. Kg1 Rdf8 21.
Rf1 c6 22. Rh5 h6 23. exd5 exd5 24. Nxe5 Qe6 25. f4 Ng6 26. fxg5 Rxf1+ 27. Bxf1
Qxe5 28. Qxe5 Nxe5 29. gxh6 Nxg4 30. Rg5 Nxh6 31. Be2 Rf5 32. Rxf5 Nxf5 33. Kf2
c5 34. Bf3 Ne7 35. Ke3 b6 36. Kf4 d4 37. cxd4 cxd4 38. Ke5 Kf8 39. Be4 Kf7 40.
Bd5+ Kg6 41. g4 Kg5 42. Be6 Nc6+ 43. Kd5 Nd8 44. Bd7 Kf4 45. Kxd4 Nb7 46. b4
Nd8 47. Kd5 Nf7 48. d4 Ng5 49. Kc6 Ke4 50. d5 Ke5 51. a4 Ne4 52. a5 bxa5 53.
bxa5 Nd6 54. Be6 Nc4 55. a6 Nd6 56. Kc7 Nb5+ 57. Kb8 Kd6 58. Bf7 g5 59. Be8 Nc7
60. Bc6 Nxa6+ 61. Kxa7 Nc7 62. Kb6 Nxd5+ 63. Kb5 Ke5 64. Kc5 Ne3 65. Bd7 Ng2
66. Bc8 Kf4 67. Kd4 Ne3 68. Kd3 Nxg4 69. Ke2 Ne3 70. Kf2 Ng4+ 71. Kg2 Ne3+ 72.
Kf2 g4 73. Bxg4 1/2-1/2

[Event "Østlandsserien 2000/2001. 4. div. C"]
[Site "Vevelstad"]
[Date "2000.11.12"]
[Round "1"]
[White "Nordheim, Odd"]
[Black "Simonsen, Steinar"]
[Result "0-1"]
[WhiteElo "1689"]
[BlackElo "1524"]
[PlyCount "72"]
[EventDate "2000.??.??"]

1. Nf3 Nc6 2. d4 d5 3. Bf4 Bg4 4. e3 Nf6 5. Be2 e6 6. Nbd2 Bd6 7. Bg5 h6 8. Bh4
Bf5 9. a3 g5 10. Bg3 Bxg3 11. hxg3 Qd6 12. c4 {Nxg5 bedre} O-O-O 13. c5 Qe7 14.
b4 Rde8 15. b5 Na5 16. Ne5 Nd7 17. Qa4 Nxe5 18. Qxa5 Nd3+ 19. Bxd3 Bxd3 20.
Qxa7 Bxb5 21. Qa8+ Kd7 22. Qa5 Bc6 23. Nf3 f6 24. Rd1 Ra8 25. Qb4 Ra4 26. Qb2
Qe8 27. O-O h5 28. e4 h4 29. exd5 Bxd5 30. Qb5+ Bc6 31. Qd3 Kc8 32. Rfe1 h3 33.
g4 Qd7 34. gxh3 Rxh3 35. Re3 e5 36. d5 Rxg4+ 0-1

[Event "Østlandsserien 2000/2001. 4. div. C"]
[Site "Vevelstad"]
[Date "2000.11.12"]
[Round "1"]
[White "Moberg, Jan Rune"]
[Black "Jenssen, Ove"]
[Result "0-1"]
[WhiteElo "1538"]
[BlackElo "1635"]
[PlyCount "84"]
[EventDate "2000.??.??"]

1. g4 d5 2. Bg2 Bxg4 3. c4 c6 4. cxd5 cxd5 5. Qa4+ {Qb3 er naturlig} Bd7 6. Qb3
Bc6 7. e3 Nf6 8. Nc3 e6 9. Nge2 Bd6 10. d4 Nbd7 11. Bd2 Qb6 12. Qc2 O-O 13. h4
Rac8 14. O-O-O Bb5 15. Bf3 Ne4 16. Bxe4 dxe4 17. Ng3 Bd3 18. Qb3 Qa6 19. Rdg1
Nf6 20. Kd1 Bc4 21. Qc2 Bxg3 22. Rxg3 Bxa2 23. b3 Nd5 24. Rg5 f5 25. Rhg1 Rf7
26. Qb2 Nxc3+ 27. Bxc3 Qd3+ 28. Ke1 Qxc3+ 29. Qxc3 Rxc3 30. Kd2 Rfc7 31. Rxg7+
Rxg7 32. Rxg7+ Kxg7 33. Kxc3 Bb1 34. Kc4 Kf8 35. Kc5 Ke7 36. d5 exd5 37. Kxd5
Ba2 38. Kc4 Kd6 39. Kc3 Bb1 40. Kd4 a5 41. h5 h6 42. Kc3 Bd3 0-1

[Event "Østlandsserien 2000/2001. 4. div. C"]
[Site "Vevelstad"]
[Date "2000.11.12"]
[Round "1"]
[White "Bjørgvik, Jan Arne"]
[Black "Furnes, Torstein"]
[Result "1/2-1/2"]
[WhiteElo "1617"]
[BlackElo "1448"]
[PlyCount "58"]
[EventDate "2000.??.??"]

1. d4 d5 2. Nf3 Nf6 3. e3 e6 4. c4 Be7 5. Nc3 O-O 6. Bd3 dxc4 7. Bxc4 c5 8. O-O
Nc6 9. a3 cxd4 10. exd4 a6 11. d5 exd5 12. Nxd5 Nxd5 13. Bxd5 Qb6 14. h3 Rd8
15. Qb3 Qxb3 16. Bxb3 Bf5 17. Bf4 Bf6 18. Bg5 Bxb2 19. Bxd8 Bxa1 20. Rxa1 Rxd8
21. Re1 h6 22. Ne5 Nxe5 23. Rxe5 Bg6 24. Re7 Rb8 25. f4 Kf8 26. Rc7 f6 27. a4
b6 28. Ra7 a5 29. Kf2 Be8 1/2-1/2

[Event "Østlandsserien 2000/2001. 4. div. C"]
[Site "Vevelstad"]
[Date "2000.11.12"]
[Round "1"]
[White "Olsen, Trygve"]
[Black "Stene, Sigurd"]
[Result "1-0"]
[WhiteElo "1301"]
[BlackElo "1374"]
[PlyCount "121"]
[EventDate "2000.??.??"]

1. e4 d5 2. e5 Bf5 3. Bb5+ c6 4. Be2 Nd7 5. Nf3 e6 6. d4 Bb4+ 7. c3 Ba5 8. Bg5
f6 9. Bf4 Ne7 10. exf6 Nxf6 11. Ne5 Bc7 12. Qc1 O-O 13. g4 Bxe5 14. Bxe5 Bxb1
15. Rxb1 Nd7 16. Bg3 Ng6 17. h4 e5 18. h5 Nf4 19. Bf1 Qe8 20. Qe3 exd4 21. cxd4
Qe4 22. Qxe4 dxe4 23. Bc4+ Kh8 24. O-O Nb6 25. Bb3 Ne2+ 26. Kg2 Nxd4 27. h6 Nf3
28. hxg7+ Kxg7 29. Rbd1 Rad8 30. Be6 Rde8 31. Bf5 Ng5 32. Rh1 h6 33. Bf4 Nf7
34. Be3 Nd5 35. Bd4+ Kg8 36. Kg3 Nd6 37. Rxh6 Nxf5+ 38. gxf5 Rxf5 39. Rg6+ Kf8
40. Rh1 Rf3+ 41. Kg4 Kf7 42. Rg7+ Ke6 43. Rh6+ Nf6+ 44. Bxf6 Rxf6 45. Rxf6+
Kxf6 46. Rxb7 Ke5 47. Rg7 Rf8 48. Kg3 Rf3+ 49. Kg2 Rf6 50. Rxa7 c5 51. Kf1 Kd4
52. Ke2 Rf3 53. Rb7 c4 54. a4 Rf5 55. Rd7+ Kc5 56. Rb7 Kd4 57. Rb5 Rxb5 58.
axb5 Kc5 59. b6 Kxb6 60. Ke3 Kb5 61. Kxe4 1-0